Cuba : el laurel y la palma /

El estudio de seis escritores cubanos de los siglos XIX y XX sirve de pretexto al autor de esta obra para hacer un recorrido por la historia y el paisaje de la isla del Caribe. Es laurel porque estos creadores consiguieron, en el autor, una explicación de Cuba; es palma, porque en cada uno de ellos...

Popoln opis

Shranjeno v:
Bibliografske podrobnosti
Glavni avtor: Baeza Flores, Alberto (autor)
Format: Knjiga
Jezik:španščina
Izdano: Miami, EUA : Universal, 1977, c1977
Serija:(Polymita)
Teme:
Oznake: Označite
Brez oznak, prvi označite!

MARC

LEADER 00000nam^a2200000^a^4500
001 000153934
005 20250521000000.0
009 20260310100336.788
037 |a Acervo ITESO - Biblioteca 
041 |a ESP 
082 |a 860. 97291  |b BAE 
100 |a Baeza Flores, Alberto  |e (autor) 
245 1 0 |a Cuba :  |b el laurel y la palma /  |c A. Baeza Flores. 
264 4 |a Miami, EUA :  |b Universal,  |c 1977, c1977 
300 |a 293 p. 
336 |a texto  |b txt  |2 rdacontenido 
337 |a sin mediación  |b n  |2 rdamedio 
338 |a volumen  |b nc  |2 rdasoporte 
440 1 |a (Polymita) 
520 |a El estudio de seis escritores cubanos de los siglos XIX y XX sirve de pretexto al autor de esta obra para hacer un recorrido por la historia y el paisaje de la isla del Caribe. Es laurel porque estos creadores consiguieron, en el autor, una explicación de Cuba; es palma, porque en cada uno de ellos encontró una afirmación de lo cubano. 
649 |a XX 
650 |a Escritores Cubanos 
650 |a Literatura Cubana -  |y Siglo XIX 
650 |a Literatura Cubana -  |y Siglo XX 
650 |a Literatura Cubana -  |x Historia y Crítica 
650 |a Cuba en la Literatura 
650 |a Identidad Cultural -  |z Cuba 
650 |a Identidad Nacional -  |z Cuba 
650 |a Cuba -  |x Descripción 
650 |a Manach, Jorge 
650 |a Fornaris, José 
650 |a Martí, José 
650 |a Florit, Eugenio 
650 |a Cuadra, Angel 
650 |a Montaner, Carlos Alberto 
910 |a Fondo General 
920 |a Impresos - Libros 
930 |a Colección General 
940 |a Literatura 
905 |a 101 
901 |a 0500085622  |b IT1  |c LIT  |u 20250521 
902 |a https://opac.biblio.iteso.mx/vufind/Record/000153934